Statistics for Minor Civil Divisions (Towns) of Wisconsin With a Map

Click here to take the quiz!

General Stats

  • This quiz has been taken 278 times
  • The average score is 314 of 1910

Answers on the Map

Answers color-coded by a green-red scale on the quiz's map according to % correct below.
 

Answer Stats

CountyMCD% Correct
DaneMadison
91%
Milwaukee | Washington | WaukeshaMilwaukee
91%
BrownGreen Bay
86%
KenoshaKenosha
82%
Door | Eau Claire | Green | +5 othersWashington
77%
Adams | Green | JacksonAdams
76%
Calumet | Outagamie | WinnebagoAppleton
76%
Chippewa | Eau ClaireEau Claire
75%
RacineRacine
75%
La CrosseLa Crosse
73%
SheboyganSheboygan
71%
WaukeshaWaukesha
71%
MenomineeMenominee
70%
Fond du LacFond du Lac
68%
Green | Jefferson | Monroe | VernonJefferson
68%
WinnebagoOshkosh
68%
Adams | GreenMonroe
67%
Adams | Bayfield | Buffalo | +9 othersLincoln
66%
Ashland | BayfieldAshland
64%
MarinetteMarinette
62%
Adams | Burnett | WashingtonJackson
61%
ManitowocManitowoc
61%
DouglasSuperior
61%
Marinette | PriceLake
60%
BayfieldBayfield
56%
AshlandChippewa
56%
TrempealeauDodge
56%
RockJanesville
56%
ColumbiaPortage
56%
OcontoOconto
55%
OutagamieOneida
55%
PortageStevens Point
54%
MarathonWausau
54%
RockBeloit
53%
Richland | RuskRichland
53%
Rock | WoodRock
53%
WashingtonPolk
52%
Jackson | Kewaunee | Manitowoc | +3 othersFranklin
51%
Clark | Dunn | Monroe | +3 othersGrant
51%
Green LakeGreen Lake
51%
ShawanoShawano
51%
FlorenceFlorence
50%
Green LakeMarquette
50%
DoorSturgeon Bay
50%
Adams | Columbia | Juneau | SaukWisconsin Dells
50%
Fond du Lac | Richland | St. Croix | VernonForest
48%
DodgeJuneau
48%
PepinPepin
48%
DaneSun Prairie
48%
WoodWood
48%
BarronBarron
47%
MarathonJohnson
47%
MarathonMarathon
47%
JacksonTaylor
47%
DaneDane
46%
Bayfield | ClarkWashburn
46%
WaupacaWaupaca
46%
SaukBaraboo
45%
WaukeshaBrookfield
45%
BrownDe Pere
45%
WinnebagoNeenah
45%
KewauneePierce
45%
LangladeVilas
45%
DunnMenomonie
44%
MilwaukeeWauwatosa
44%
BrownAshwaubenon
43%
MarquetteDouglas
43%
WaukeshaVernon
43%
WalworthWalworth
43%
Green Lake | Marathon | WausharaBerlin
42%
Buffalo | MarquetteBuffalo
42%
Fond du LacCalumet
42%
MarquetteHarris
42%
KewauneeKewaunee
42%
GrantPlatteville
42%
MilwaukeeWest Allis
42%
DodgeBurnett
41%
ChippewaChippewa Falls
41%
WalworthLake Geneva
41%
WaukeshaMenomonee Falls
41%
Barron | Rock | VernonClinton
40%
Dane | DunnDunn
40%
Calumet | Grant | Lincoln | +2 othersHarrison
40%
SheboyganRhine
40%
Dodge | JeffersonWatertown
40%
Jefferson | WalworthWhitewater
40%
MilwaukeeBrown Deer
39%
Columbia | DodgeColumbus
39%
PriceElk
39%
WaukeshaOconomowoc
39%
CrawfordPrairie du Chien
39%
OneidaRhinelander
39%
DaneVerona
39%
WashingtonWest Bend
39%
La Crosse | Milwaukee | Monroe | SaukGreenfield
38%
OcontoHow
38%
Brown | Chippewa | OutagamieHoward
38%
LangladeLanglade
38%
OzaukeeMequon
38%
DaneMiddleton
38%
WaukeshaNew Berlin
38%
MilwaukeeSouth Milwaukee
38%
Dane | Jackson | Marquette | St. CroixSpringfield
38%
LangladePrice
37%
Burnett | Door | Eau Claire | +4 othersUnion
37%
MilwaukeeWhitefish Bay
37%
Clark | Marinette | PolkBeaver
36%
Richland | WaukeshaEagle
36%
Juneau | WashingtonGermantown
36%
Milwaukee | MonroeGlendale
36%
La CrosseOnalaska
36%
Burnett | RuskRusk
36%
TrempealeauTrempealeau
36%
Racine | WalworthBurlington
35%
Chippewa | Monroe | WalworthLafayette
35%
OzaukeePort Washington
35%
MonroeTomah
35%
DodgeBeaver Dam
34%
IowaDodgeville
34%
St. CroixHudson
34%
DaneMonona
34%
Green | RacineMount Pleasant
34%
MilwaukeeOak Creek
34%
MonroeSparta
34%
BrownSuamico
34%
ManitowocTwo Rivers
34%
WoodWisconsin Rapids
34%
KenoshaPleasant Prairie
33%
SaukSauk City
33%
BrownAllouez
32%
OutagamieBuchanan
32%
MilwaukeeCudahy
32%
WalworthDelavan
32%
WalworthElkhorn
32%
MilwaukeeShorewood
32%
MilwaukeeSt. Francis
32%
St. Croix | WausharaWarren
32%
OzaukeeCedarburg
31%
VilasEagle River
31%
Calumet | OutagamieKaukauna
31%
LincolnKing
31%
Calumet | WinnebagoMenasha
31%
MarquetteOxford
31%
Brown | Iowa | Oconto | ShawanoPulaski
31%
BarronRice Lake
31%
DoorSister Bay
31%
BayfieldBell
30%
OutagamieGreenville
30%
Dodge | WashingtonHartford
30%
Brown | RuskLawrence
30%
Juneau | Rock | SheboyganPlymouth
30%
LangladeAntigo
29%
Columbia | Racine | Trempealeau | WaupacaCaledonia
29%
WausharaHancock
29%
Green Lake | JacksonManchester
29%
Grant | Juneau | Shawano | +2 othersMarion
29%
ClarkMead
29%
DaneOregon
29%
Grant | KenoshaParis
29%
Fond du LacRipon
29%
RacineRochester
29%
AdamsRome
29%
MilwaukeeWest Milwaukee
29%
RichlandBloom
28%
Dane | Green | Green Lake | WashburnBrooklyn
28%
Clark | WaukeshaButler
28%
Dane | WausharaDeerfield
28%
DaneDeForest
28%
DaneFitchburg
28%
Clark | WaupacaFremont
28%
MilwaukeeGreendale
28%
La CrosseHamilton
28%
Fond du Lac | Marathon | WoodMarshfield
28%
LincolnMerrill
28%
ShawanoMorris
28%
WaukeshaPewaukee
28%
Marathon | PortagePlover
28%
Adams | Washington | WoodRichfield
28%
WaukeshaDelafield
27%
SawyerHayward
27%
SaukPlain
27%
RichlandRichland Center
27%
WashburnSpooner
27%
DaneStoughton
27%
VernonViroqua
27%
BrownDenmark
26%
OutagamieLittle Chute
26%
DouglasMaple
26%
Dane | Richland | RuskMarshall
26%
Green LakePrinceton
26%
Pierce | St. CroixRiver Falls
26%
Brown | La Crosse | Manitowoc | MonroeRockland
26%
WashingtonSlinger
26%
DaneWaunakee
26%
Clark | Dunn | MarathonWeston
26%
ForestCrandon
25%
DoorEgg Harbor
25%
OcontoMorgan
25%
WaukeshaMuskego
25%
Outagamie | WaupacaNew London
25%
Manitowoc | MarquetteNewton
25%
Dodge | Fond du LacWaupun
25%
Dunn | Eau Claire | Lincoln | +3 othersWilson
25%
MarathonAthens
24%
OzaukeeBelgium
24%
Outagamie | RockCenter
24%
BuffaloCross
24%
Forest | Outagamie | SaukFreedom
24%
TrempealeauHale
24%
Pierce | Shawano | WaukeshaHartland
24%
Grant | Manitowoc | Outagamie | VernonLiberty
24%
MarquetteMontello
24%
PierceSalem
24%
Brown | Burnett | Columbia | +4 othersScott
24%
SheboyganSheboygan Falls
24%
PolkSt. Croix Falls
24%
Clark | Dane | GreenYork
24%
PortageAlban
23%
Fond du LacAlto
23%
JacksonBlack River Falls
23%
DoorBrussels
23%
JeffersonFort Atkinson
23%
MilwaukeeFox Point
23%
Adams | Fond du LacFriendship
23%
OzaukeeGrafton
23%
OutagamieGrand Chute
23%
MilwaukeeHales Corners
23%
PriceHill
23%
Green Lake | JuneauKingston
23%
RuskLadysmith
23%
JuneauNew Lisbon
23%
OcontoOconto Falls
23%
Shawano | St. Croix | WalworthRichmond
23%
Burnett | TaylorRoosevelt
23%
WausharaRose
23%
Sauk | St. Croix | WalworthTroy
23%
WausharaWautoma
23%
CalumetChilton
22%
Chippewa | Jackson | Manitowoc | +2 othersCleveland
22%
OzaukeeFredonia
22%
Brown | La Crosse | SheboyganHolland
22%
GrantLancaster
22%
MarinettePeshtigo
22%
WausharaPlainfield
22%
Green LakeSt. Marie
22%
WaukeshaSussex
22%
LincolnTomahawk
22%
Marquette | SaukWestfield
22%
Green | PepinAlbany
21%
Kewaunee | WinnebagoAlgoma
21%
Florence | Taylor | WausharaAurora
21%
La CrosseBangor
21%
BrownBellevue
21%
Adams | MarathonEaston
21%
LafayetteFayette
21%
Polk | PriceGeorgetown
21%
WinnebagoOmro
21%
Bayfield | Lincoln | SheboyganRussell
21%
Lafayette | WashingtonWayne
21%
Dane | JeffersonCambridge
20%
KewauneeCarlton
20%
WaupacaClintonville
20%
WausharaDakota
20%
Buffalo | RacineDover
20%
DoorEphraim
20%
SheboyganKohler
20%
IronMercer
20%
Walworth | WaukeshaMukwonago
20%
TrempealeauOsseo
20%
SaukReedsburg
20%
OzaukeeSaukville
20%
PortageAmherst
19%
DodgeBrownsville
19%
DaneCross Plains
19%
WalworthEast Troy
19%
Jefferson | La Crosse | Polk | +2 othersFarmington
19%
BrownHobart
19%
OutagamieKimberly
19%
KewauneeLuxemburg
19%
JuneauMauston
19%
DaneMcFarland
19%
Buffalo | RockMilton
19%
IowaMineral Point
19%
WoodNekoosa
19%
Burnett | Douglas | JeffersonOakland
19%
PricePhillips
19%
AdamsQuincy
19%
Calumet | ClarkSherwood
19%
SaukSpring Green
19%
SawyerWinter
19%
Eau ClaireAltoona
18%
Chippewa | Fond du LacAuburn
18%
DoorBaileys Harbor
18%
IowaBarneveld
18%
LafayetteBenton
18%
CalumetBrillion
18%
CalumetCharlestown
18%
WalworthDarien
18%
Dane | RockEdgerton
18%
Calumet | ManitowocKiel
18%
SaukLake Delton
18%
OcontoLakewood
18%
AshlandLa Pointe
18%
ColumbiaLeeds
18%
OcontoLena
18%
Juneau | WaukeshaLisbon
18%
TaylorMedford
18%
BrownMorrison
18%
JuneauNecedah
18%
GreenNew Glarus
18%
RacineNorway
18%
Crawford | Green Lake | Shawano | WoodSeneca
18%
Eau Claire | Lafayette | OutagamieSeymour
18%
OzaukeeThiensville
18%
Crawford | WinnebagoUtica
18%
DaneWindsor
18%
Brown | OutagamieWrightstown
18%
Burnett | IronAnderson
17%
Eau ClaireAugusta
17%
Milwaukee | OzaukeeBayside
17%
Dane | GreenBelleville
17%
Rusk | WaukeshaBig Bend
17%
GrantBloomington
17%
Fond du LacBrandon
17%
DodgeChester
17%
OutagamieCombined Locks
17%
MarinetteCrivitz
17%
WalworthGeneva
17%
OcontoGillett
17%
OutagamieHortonville
17%
IronHurley
17%
DoorJacksonport
17%
GrantJamestown
17%
VilasLand O'Lakes
17%
ColumbiaLodi
17%
OneidaMinocqua
17%
MarathonMosinee
17%
OcontoMountain
17%
Fond du LacNorth Fond du Lac
17%
DouglasOliver
17%
Fond du Lac | PolkOsceola
17%
MarathonRib Mountain
17%
MilwaukeeRiver Hills
17%
WashburnShell Lake
17%
RacineUnion Grove
17%
Walworth | WausharaBloomfield
16%
ShawanoBonduel
16%
OcontoBreed
16%
Kenosha | MarathonBrighton
16%
Dane | KenoshaBristol
16%
OcontoChase
16%
Crawford | Polk | WinnebagoClayton
16%
WausharaColoma
16%
JeffersonConcord
16%
LafayetteDarlington
16%
TaylorFord
16%
DodgeFox Lake
16%
Marathon | PepinFrankfort
16%
Jackson | PolkGarfield
16%
TrempealeauIndependence
16%
PriceKnox
16%
Polk | TaylorMcKinley
16%
DaneMount Horeb
16%
Columbia | DodgeRandolph
16%
WausharaRedgranite
16%
TaylorRib Lake
16%
PepinStockholm
16%
Dodge | Pierce | WashingtonTrenton
16%
WausharaWild Rose
16%
WinnebagoWinneconne
16%
ShawanoAlmon
15%
ChippewaArthur
15%
Lafayette | PortageBelmont
15%
VilasBoulder Junction
15%
KewauneeCasco
15%
ManitowocCenterville
15%
BayfieldClover
15%
DaneCottage Grove
15%
MarathonDay
15%
LangladeElcho
15%
SaukFairfield
15%
DoorForestville
15%
WinnebagoFox Crossing
15%
DoorGibraltar
15%
Marathon | VernonHamburg
15%
Dodge | WaupacaLebanon
15%
OcontoLittle Suamico
15%
DodgeLomira
15%
WaukeshaNashotah
15%
LincolnPine River
15%
CalumetPotter
15%
WausharaPoy Sippi
15%
Fond du LacRosendale
15%
PortageRosholt
15%
KenoshaSomers
15%
OcontoTownsend
15%
Clark | Marathon | TrempealeauUnity
15%
ShawanoWittenberg
15%
Iowa | WaupacaWyoming
15%
Buffalo | JacksonAlma
14%
PortageAmherst Junction
14%
ColumbiaArlington
14%
LincolnBirch
14%
La CrosseCampbell
14%
ShawanoCecil
14%
SheboyganCedar Grove
14%
BarronChetek
14%
Richland | WaupacaDayton
14%
Burnett | Portage | RuskDewey
14%
BayfieldDrummond
14%
SheboyganElkhart Lake
14%
WaupacaIola
14%
BayfieldIron River
14%
PortageJunction City
14%
Fond du Lac | WashingtonKewaskum
14%
VilasLac du Flambeau
14%
Monroe | WausharaLeon
14%
WaupacaLind
14%
Green LakeMarkesan
14%
SheboyganMitchell
14%
MarquetteNeshkoro
14%
Ozaukee | WashingtonNewburg
14%
ColumbiaNewport
14%
RockPorter
14%
KewauneeRed River
14%
WausharaRichford
14%
WausharaSaxeville
14%
Clark | Dunn | Iron | SheboyganSherman
14%
VilasSt. Germain
14%
CalumetStockbridge
14%
ShawanoTigerton
14%
OutagamieVandenbroek
14%
ForestWabeno
14%
TrempealeauWhitehall
14%
LangladeWhite Lake
14%
PortageWhiting
14%
OneidaWoodruff
14%
KewauneeAhnapee
13%
PortageAlmond
13%
DaneBerry
13%
Marathon | ShawanoBirnamwood
13%
BarronDallas
13%
PepinDurand
13%
RockFulton
13%
WaukeshaGenesee
13%
LincolnHarding
13%
DodgeHoricon
13%
JeffersonJohnson Creek
13%
MarathonKronenwetter
13%
JeffersonLake Mills
13%
DouglasLakeside
13%
DoorLiberty Grove
13%
Grant | IowaLivingston
13%
WausharaLohrville
13%
DodgeLowell
13%
Marathon | OutagamieMaine
13%
MarathonMarathon City
13%
BayfieldMason
13%
ClarkNeillsville
13%
Fond du LacOakfield
13%
SheboyganOostburg
13%
JuneauOrange
13%
OneidaPelican
13%
DanePerry
13%
WinnebagoPoygan
13%
ColumbiaPoynette
13%
SaukPrairie du Sac
13%
PiercePrescott
13%
VilasPresque Isle
13%
OcontoRiverview
13%
MarathonRothschild
13%
WinnebagoRushford
13%
WaupacaScandinavia
13%
DoorSevastopol
13%
BurnettSiren
13%
MarinetteStephenson
13%
PortageStockton
13%
OneidaSugar Camp
13%
TaylorTaft
13%
DodgeTheresa
13%
Burnett | VernonWebster
13%
Clark | MarathonAbbotsford
12%
OcontoAbrams
12%
MarinetteAthelstane
12%
WashingtonBarton
12%
ForestBlackwell
12%
CalumetBrothertown
12%
VilasConover
12%
MarathonEdgar
12%
Fond du LacEldorado
12%
PolkFrederic
12%
VernonGenoa
12%
Marathon | PortageHull
12%
ForestLaona
12%
Fond du LacMetomen
12%
ManitowocMishicot
12%
DoorNasewaupee
12%
WinnebagoNepeuskun
12%
St. CroixNew Richmond
12%
MarinetteNiagara
12%
WausharaOasis
12%
OutagamieOsborn
12%
MarquettePackwaukee
12%
ColumbiaPardeeville
12%
VilasPhelps
12%
St. CroixRoberts
12%
IronSaxon
12%
MarathonSchofield
12%
OutagamieShiocton
12%
MarathonSpencer
12%
OcontoStiles
12%
Douglas | Juneau | Langlade | WaukeshaSummit
12%
OcontoSuring
12%
OneidaThree Lakes
12%
ManitowocTwo Creeks
12%
DaneVienna
12%
WinnebagoVinland
12%
WaupacaWeyauwega
12%
RacineWind Point
12%
Calumet | St. CroixWoodville
12%
BayfieldBarnes
11%
BayfieldBayview
11%
Outagamie | Sauk | WaupacaBear Creek
11%
ShawanoBelle Plaine
11%
OutagamieBlack Creek
11%
GreenBrowntown
11%
RuskBruce
11%
AshlandButternut
11%
Fond du Lac | MonroeByron
11%
MonroeCashton
11%
GrantCassville
11%
MarinetteColeman
11%
WashburnCrystal
11%
OutagamieDale
11%
Fond du Lac | IowaEden
11%
WaukeshaElm Grove
11%
Eau ClaireFairchild
11%
BrownGlenmore
11%
WoodGrand Rapids
11%
OneidaHazelhurst
11%
VernonHillsboro
11%
SheboyganHowards Grove
11%
BarronLakeland
11%
BrownLedgeview
11%
ColumbiaLewiston
11%
Green LakeMackford
11%
Clark | DodgeMayville
11%
DaneMazomanie
11%
MarquetteMecan
11%
BuffaloMondovi
11%
WausharaMount Morris
11%
BrownPittsfield
11%
Dodge | MonroePortland
11%
ManitowocReedsville
11%
Portage | WalworthSharon
11%
La CrosseShelby
11%
DunnSheridan
11%
Dodge | MarquetteShields
11%
St. CroixSomerset
11%
St. CroixSt. Joseph
11%
MarathonTexas
11%
RockTurtle
11%
Barron | PolkTurtle Lake
11%
OcontoUnderhill
11%
WaukeshaWales
11%
RacineWaterford
11%
VernonWestby
11%
Vilas | WinnebagoWinchester
11%
ColumbiaWyocena
11%
WashingtonAddison
10%
Dane | Jackson | TrempealeauAlbion
10%
ShawanoAngelica
10%
Marathon | VernonBergen
10%
TrempealeauBlair
10%
DaneBlue Mounds
10%
Barron | WoodCameron
10%
ManitowocCato
10%
Douglas | VilasCloverland
10%
VernonCoon
10%
Barron | MarquetteCrystal Lake
10%
BarronCumberland
10%
Crawford | VernonDe Soto
10%
OcontoDoty
10%
BayfieldEileen
10%
PierceEllsworth
10%
BurnettGrantsburg
10%
SaukIronton
10%
Grant | Pepin | Rock | SheboyganLima
10%
WalworthLyons
10%
WaupacaManawa
10%
VilasManitowish Waters
10%
ManitowocManitowoc Rapids
10%
Barron | Manitowoc | ShawanoMaple Grove
10%
WaukeshaMerton
10%
MarinetteMiddle Inlet
10%
Adams | DunnNew Haven
10%
CalumetNew Holstein
10%
WaukeshaOttawa
10%
OcontoPensaukee
10%
GrantPotosi
10%
MarinettePound
10%
AshlandSanborn
10%
AshlandShanagolden
10%
MarinetteSilver Cliff
10%
VernonStark
10%
Polk | VernonSterling
10%
ManitowocSt. Nazianz
10%
RacineSturtevant
10%
PriceWorcester
10%
RacineYorkville
10%
WoodAuburndale
9%
La CrosseBarre
9%
DaneBlack Earth
9%
WinnebagoBlack Wolf
9%
ChippewaBoyd
9%
RockBradford
9%
Eau ClaireBrunswick
9%
BuffaloCanton
9%
PortageCarson
9%
OneidaCassian
9%
DoorClay Banks
9%
Clark | MarathonColby
9%
VernonCoon Valley
9%
Grant | LafayetteCuba City
9%
GreenDecatur
9%
BayfieldDelta
9%
GrantDickeyville
9%
PolkDresser
9%
Brown | Clark | ManitowocEaton
9%
WashingtonErin
9%
Price | RuskFlambeau
9%
WalworthFontana-on-Geneva Lake
9%
AshlandGingles
9%
St. CroixGlenwood
9%
Douglas | IowaHighland
9%
BrownHumboldt
9%
JeffersonIxonia
9%
PolkLuck
9%
Juneau | SheboyganLyndon
9%
ManitowocMaribel
9%
AshlandMellen
9%
BuffaloNaples
9%
BrownNew Denmark
9%
MonroeOakdale
9%
Barron | Dodge | PierceOak Grove
9%
WaukeshaOconomowoc Lake
9%
Monroe | VernonOntario
9%
WoodPittsville
9%
DaneShorewood Hills
9%
DaneSpringdale
9%
WausharaSpringwater
9%
Barron | Chippewa | ClarkStanley
9%
JeffersonSullivan
9%
ClarkThorp
9%
KenoshaTwin Lakes
9%
MonroeWells
9%
St. CroixBaldwin
8%
PolkBalsam Lake
8%
MarathonBern
8%
Rusk | WaupacaBig Falls
8%
BurnettBlaine
8%
LafayetteBlanchard
8%
LincolnBradley
8%
CrawfordBridgeport
8%
La CrosseBurns
8%
ChippewaCadott
8%
OutagamieCicero
8%
Eau ClaireClear Creek
8%
PolkClear Lake
8%
SaukDelton
8%
TrempealeauEleva
8%
RockEvansville
8%
Fond du LacFairwater
8%
FlorenceFence
8%
ManitowocFrancis Creek
8%
DoorGardner
8%
Ashland | DouglasGordon
8%
Clark | Taylor | VernonGreenwood
8%
CalumetHilbert
8%
JacksonHixton
8%
La CrosseHolmen
8%
Dodge | RuskHubbard
8%
JacksonIrving
8%
RichlandIthaca
8%
OneidaLake Tomahawk
8%
Fond du LacLamartine
8%
WaukeshaLannon
8%
DaneMedina
8%
SaukMerrimac
8%
JeffersonMilford
8%
WinnebagoNekimi
8%
RockNewark
8%
JacksonNorthfield
8%
KenoshaRandall
8%
SheboyganRandom Lake
8%
DaneRoxbury
8%
KenoshaSalem Lakes
8%
PierceSpring Lake
8%
Columbia | Fond du LacSpringvale
8%
OcontoSpruce
8%
Dunn | St. CroixStanton
8%
MarathonStratford
8%
Fond du LacTaycheedah
8%
MonroeWarrens
8%
ShawanoWaukechon
8%
La CrosseWest Salem
8%
Langlade | WinnebagoWolf River
8%
Fond du LacAshford
7%
RockAvon
7%
WashburnBarronett
7%
PierceBay City
7%
BarronBear Lake
7%
MarathonBevent
7%
Portage | RichlandBuena Vista
7%
Fond du LacCampbellsport
7%
Dane | VernonChristiana
7%
Grant | Monroe | PierceClifton
7%
IowaCobb
7%
ManitowocCooperstown
7%
ColumbiaDekorra
7%
WaukeshaDousman
7%
DunnElk Mound
7%
TrempealeauEttrick
7%
GrantFennimore
7%
RockFootville
7%
SheboyganGreenbush
7%
St. CroixHammond
7%
Grant | LafayetteHazel Green
7%
SawyerHunter
7%
ShawanoHutchins
7%
Polk | RockJohnstown
7%
BurnettLa Follette
7%
Monroe | WalworthLa Grange
7%
PolkLorain
7%
ManitowocMeeme
7%
IronMontreal
7%
IowaMoscow
7%
GrantMount Hope
7%
ForestNashville
7%
BuffaloNelson
7%
ColumbiaOtsego
7%
VilasPlum Lake
7%
Adams | TrempealeauPreston
7%
ColumbiaRio
7%
DaneRockdale
7%
ForestRoss
7%
DaneRutland
7%
ManitowocSchleswig
7%
SawyerSpider Lake
7%
Pierce | Rock | St. CroixSpring Valley
7%
Barron | Jefferson | TrempealeauSumner
7%
Richland | VernonViola
7%
PepinWaterville
7%
KewauneeWest Kewaunee
7%
SaukWoodland
7%
ShawanoAniwa
6%
VilasArbor Vitae
6%
TrempealeauArcadia
6%
RuskAtlanta
6%
WashburnBirchwood
6%
ChippewaBloomer
6%
GrantBoscobel
6%
BuffaloBuffalo City
6%
ColumbiaCambria
6%
GrantCastle Rock
6%
PolkClam Falls
6%
Outagamie | TaylorDeer Creek
6%
WoodDexter
6%
Clark | MarathonDorchester
6%
PolkEureka
6%
ColumbiaFall River
6%
JuneauFountain
6%
Kenosha | WalworthGenoa City
6%
ShawanoGresham
6%
Marinette | TaylorGrover
6%
RuskHawkins
6%
OutagamieHortonia
6%
GreenJordan
6%
ManitowocKellnersville
6%
BayfieldKelly
6%
Lafayette | MonroeKendall
6%
MarathonKnowlton
6%
IowaLinden
6%
WalworthLinn
6%
DaneMaple Bluff
6%
JacksonMelrose
6%
KewauneeMontpelier
6%
WaupacaMukwa
6%
OneidaNewbold
6%
St. CroixNorth Hudson
6%
WaupacaOgdensburg
6%
SawyerOjibwa
6%
ClarkOwen
6%
KenoshaPaddock Lake
6%
DouglasParkland
6%
PortagePark Ridge
6%
MarinettePembine
6%
TrempealeauPigeon
6%
BayfieldPort Wing
6%
RacineRaymond
6%
MarathonRingle
6%
OneidaSchoepke
6%
LafayetteShullsburg
6%
DouglasSolon Springs
6%
LafayetteSouth Wayne
6%
Fond du LacSt. Cloud
6%
CrawfordSteuben
6%
TrempealeauStrum
6%
Grant | JeffersonWaterloo
6%
Kenosha | VernonWheatland
6%
AshlandWhite River
6%
WalworthWilliams Bay
6%
ClarkWithee
6%
MonroeAdrian
5%
LafayetteArgyle
5%
Grant | OcontoBagley
5%
WoodBiron
5%
DunnBoyceville
5%
DouglasBrule
5%
DaneBurke
5%
BayfieldCable
5%
SheboyganCascade
5%
RuskCedar Rapids
5%
TaylorChelsea
5%
BuffaloCochrane
5%
ChippewaCornell
5%
MarinetteDunbar
5%
PierceElmwood
5%
Dodge | MarathonEmmet
5%
GreenExeter
5%
FlorenceFern
5%
TrempealeauGale
5%
ShawanoGermania
5%
ManitowocGibson
5%
LafayetteGratiot
5%
Price | Rock | VernonHarmony
5%
JeffersonHebron
5%
RichlandHenrietta
5%
BayfieldHughes
5%
DodgeIron Ridge
5%
IronKimball
5%
Dunn | JacksonKnapp
5%
DunnLucas
5%
ClarkLynn
5%
OutagamieMaple Creek
5%
DaneMontrose
5%
MarquetteMoundville
5%
LangladeNeva
5%
LafayetteNew Diggings
5%
PortageNew Hope
5%
WaukeshaNorth Prairie
5%
JeffersonPalmyra
5%
LangladeParrish
5%
IronPence
5%
DunnPeru
5%
OneidaPine Lake
5%
DouglasPoplar
5%
WoodPort Edwards
5%
WoodRudolph
5%
GreenSylvester
5%
ManitowocValders
5%
SheboyganWaldo
5%
MarinetteWausaukee
5%
MonroeWellington
5%
ShawanoWescott
5%
DaneWestport
5%
ChippewaWheaton
5%
LafayetteWiota
5%
SheboyganAdell
4%
PolkAlden
4%
MarinetteAmberg
4%
IowaArena
4%
ForestArgonne
4%
WoodArpin
4%
MarinetteBeecher
4%
GrantBeetown
4%
Iowa | LafayetteBlanchardville
4%
OutagamieBovina
4%
ShawanoBowler
4%
Green | RockBrodhead
4%
BarronCedar Lake
4%
WaukeshaChenequa
4%
IowaClyde
4%
DodgeClyman
4%
DunnColfax
4%
FlorenceCommonwealth
4%
LincolnCorning
4%
OneidaCrescent
4%
BarronDoyle
4%
DaneDunkirk
4%
WaupacaDupont
4%
LafayetteElk Grove
4%
OutagamieEllington
4%
WaupacaEmbarrass
4%
Eau ClaireFall Creek
4%
PriceFifield
4%
ColumbiaFort Winnebago
4%
BuffaloFountain City
4%
CrawfordFreeman
4%
Pierce | TaylorGilman
4%
MarinetteGoodman
4%
ColumbiaHampden
4%
Dodge | Shawano | SheboyganHerman
4%
IowaHollandale
4%
DodgeHustisford
4%
Jefferson | WaukeshaLac La Belle
4%
ChippewaLake Hallie
4%
PolkLaketown
4%
PortageLinwood
4%
ClarkLoyal
4%
JuneauLyndon Station
4%
RockMagnolia
4%
OcontoMaple Valley
4%
AshlandMarengo
4%
CrawfordMarietta
4%
Portage | WoodMilladore
4%
WashburnMinong
4%
OneidaMonico
4%
BuffaloMontana
4%
Grant | IowaMuscoda
4%
PortageNelsonville
4%
OneidaNokomis
4%
JacksonNorth Bend
4%
IronOma
4%
RichlandOrion
4%
PortagePine Grove
4%
IowaRewey
4%
LincolnRock Falls
4%
Monroe | RuskSheldon
4%
AdamsSpringville
4%
WashburnStone Lake
4%
DaneVermont
4%
TaylorWestboro
4%
Dodge | RichlandWestford
4%
ManitowocWhitelaw
4%
RichlandWillow
4%
JacksonAlma Center
3%
ForestAlvin
3%
PolkAmery
3%
DodgeAshippun
3%
BayfieldBarksdale
3%
BuffaloBelvidere
3%
AdamsBig Flats
3%
ChippewaBirch Creek
3%
DaneBlooming Grove
3%
IowaBrigham
3%
JacksonBrockway
3%
TrempealeauBurnside
3%
GreenCadiz
3%
JuneauCamp Douglas
3%
WoodCary
3%
MarathonCassel
3%
JacksonCity Point
3%
JuneauClearfield
3%
BurnettDaniels
3%
St. CroixDeer Park
3%
PierceDiamond Bluff
3%
ColumbiaDoylestown
3%
CrawfordEastman
3%
SawyerEdgewater
3%
ShawanoEland
3%
MarathonElderon
3%
RacineElmwood Park
3%
PierceEl Paso
3%
JuneauElroy
3%
St. CroixEmerald
3%
Fond du LacEmpire
3%
MarquetteEndeavor
3%
OneidaEnterprise
3%
Langlade | WashburnEvergreen
3%
SaukExcelsior
3%
ShawanoFairbanks
3%
CrawfordFerryville
3%
ClarkFoster
3%
TrempealeauGalesville
3%
CrawfordGays Mills
3%
SheboyganGlenbeulah
3%
BayfieldGrandview
3%
Marathon | ShawanoGreen Valley
3%
ChippewaHallie
3%
Forest | WoodHiles
3%
ClarkHixon
3%
IronKnight
3%
JeffersonKoshkonong
3%
ManitowocKossuth
3%
VernonLa Farge
3%
DodgeLeroy
3%
MonroeLittle Falls
3%
OneidaLittle Rice
3%
WaupacaLittle Wolf
3%
RichlandLone Rock
3%
Florence | WashburnLong Lake
3%
ColumbiaLowville
3%
PierceMaiden Rock
3%
Grant | IowaMontfort
3%
Fond du LacMount Calvary
3%
DodgeNeosho
3%
Barron | ChippewaNew Auburn
3%
OutagamieNichols
3%
RacineNorth Bay
3%
SaukNorth Freedom
3%
MonroeNorwalk
3%
LangladeNorwood
3%
PriceOgema
3%
RockOrfordville
3%
BayfieldOrienta
3%
BayfieldOulu
3%
PricePark Falls
3%
ShawanoPella
3%
PiercePlum City
3%
PricePrentice
3%
DanePrimrose
3%
SawyerRadisson
3%
RichlandRichwood
3%
MonroeRidgeville
3%
WaupacaRoyalton
3%
WoodSaratoga
3%
LincolnSchley
3%
LincolnSkanawan
3%
GrantSmelser
3%
CrawfordSoldiers Grove
3%
GreenSpring Grove
3%
OneidaStella
3%
WaupacaSt. Lawrence
3%
VernonStoddard
3%
WalworthSugar Creek
3%
FlorenceTipler
3%
WoodVesper
3%
SaukWest Baraboo
3%
ColumbiaWest Point
3%
RuskWeyerhaeuser
3%
DunnWheeler
3%
RuskWilkinson
3%
MonroeWilton
3%
SaukWinfield
3%
OneidaWoodboro
3%
GrantWyalusing
3%
RichlandYuba
3%
PolkApple River
2%
JuneauArmenia
2%
ForestArmstrong Creek
2%
IowaAvoca
2%
JeffersonAztalan
2%
WashburnBashaw
2%
Sawyer | WashburnBass Lake
2%
JacksonBear Bluff
2%
WashburnBeaver Brook
2%
CrawfordBell Center
2%
DouglasBennett
2%
PolkBlack Brook
2%
GrantBlue River
2%
RichlandBoaz
2%
PolkBone Lake
2%
OcontoBrazeau
2%
Eau ClaireBridge Creek
2%
TaylorBrowning
2%
St. CroixCady
2%
DodgeCalamus
2%
WashburnCasey
2%
Richland | SaukCazenovia
2%
PolkCenturia
2%
VernonChaseburg
2%
WashburnChicog
2%
GreenClarno
2%
ColumbiaCourtland
2%
JuneauCutler
2%
DouglasDairyland
2%
Eau ClaireDrammen
2%
SawyerDraper
2%
ChippewaEagle Point
2%
SawyerExeland
2%
MarathonFenwood
2%
JuneauFinley
2%
ColumbiaFriesland
2%
BuffaloGilmanton
2%
BuffaloGlencoe
2%
RuskGlen Flora
2%
GrantGlen Haven
2%
St. CroixGlenwood City
2%
ClarkGranton
2%
ClarkGreen Grove
2%
MarathonGuenther
2%
IronGurney
2%
TaylorHammel
2%
MarathonHatley
2%
WaupacaHelvetia
2%
Marathon | WoodHewitt
2%
MarathonHolton
2%
FlorenceHomestead
2%
JuneauHustler
2%
AshlandJacobs
2%
DodgeKekoskee
2%
PriceKennan
2%
VernonKickapoo
2%
JuneauKildare
2%
St. CroixKinnickinnic
2%
DouglasLake Nebagamon
2%
RockLa Prairie
2%
SaukLa Valle
2%
TaylorLittle Black
2%
OcontoLittle River
2%
SaukLoganville
2%
TaylorLublin
2%
OneidaLynne
2%
CrawfordLynxville
2%
ColumbiaMarcellon
2%
WaupacaMatteson
2%
ShawanoMattoon
2%
MarathonMcMillan
2%
La CrosseMedary
2%
MonroeMelvina
2%
Green | LafayetteMonticello
2%
AshlandMorse
2%
SheboyganMosel
2%
GrantMount Ida
2%
CrawfordMount Sterling
2%
ShawanoNavarino
2%
AdamsNew Chester
2%
ColumbiaPacific
2%
GrantPatch Grove
2%
TrempealeauPigeon Falls
2%
ClarkPine Valley
2%
Eau Claire | St. CroixPleasant Valley
2%
LangladePolar
2%
MarinettePorterfield
2%
CalumetRantoul
2%
VernonReadstown
2%
ShawanoRed Springs
2%
DodgeReeseville
2%
MarathonRib Falls
2%
IowaRidgeway
2%
RichlandRockbridge
2%
DunnRock Creek
2%
DodgeRubicon
2%
DunnSand Creek
2%
PriceSpirit
2%
WalworthSpring Prairie
2%
St. CroixStar Prairie
2%
MarathonStettin
2%
BurnettSwiss
2%
RichlandSylvan
2%
GrantTennyson
2%
WashburnTrego
2%
RuskTRUE
2%
JuneauUnion Center
2%
IowaWaldwick
2%
PepinWaubeek
2%
BuffaloWaumandee
2%
CrawfordWauzeka
2%
LafayetteWillow Springs
2%
JuneauWonewoc
2%
GrantWoodman
2%
MonroeWyeville
2%
LangladeAckley
1%
AshlandAgenda
1%
LangladeAinsworth
1%
RichlandAkan
1%
BarronAlmena
1%
DouglasAmnicon
1%
MonroeAngelo
1%
ChippewaAnson
1%
BarronArland
1%
ShawanoBartelme
1%
IronCarey
1%
ForestCaswell
1%
PriceCatawba
1%
TrempealeauChimney Rock
1%
Adams | ChippewaColburn
1%
JeffersonCold Spring
1%
RuskConrath
1%
ChippewaCooks Valley
1%
SawyerCouderay
1%
WoodCranmoor
1%
JacksonCurran
1%
ClarkCurtiss
1%
St. CroixCylon
1%
SaukDellona
1%
AdamsDell Prairie
1%
ChippewaDelmar
1%
ClarkDewhurst
1%
BarronDovre
1%
DunnDowning
1%
Dunn | St. CroixEau Galle
1%
Marathon | PortageEau Pleine
1%
ChippewaEdson
1%
PriceEisenstein
1%
DodgeElba
1%
GrantEllenboro
1%
PriceEmery
1%
St. CroixErin Prairie
1%
ChippewaEstella
1%
ColumbiaFountain Prairie
1%
MarathonFranzen
1%
WashburnFrog Creek
1%
JacksonGarden Valley
1%
ChippewaGoetz
1%
TaylorGoodrich
1%
RuskGrow
1%
WashburnGull Lake
1%
PriceHackett
1%
MarathonHalsey
1%
CrawfordHaney
1%
WoodHansen
1%
BarronHaugen
1%
DouglasHawthorne
1%
DunnHay River
1%
ClarkHendren
1%
ClarkHewett
1%
GrantHickory Grove
1%
ClarkHoard
1%
TaylorHolway
1%
SaukHoney Creek
1%
RuskIngram
1%
PierceIsabelle
1%
TaylorJump River
1%
BayfieldKeystone
1%
JacksonKomensky
1%
ChippewaLake Holcombe
1%
LafayetteLamont
1%
PortageLanark
1%
WaupacaLarrabee
1%
JuneauLemonweir
1%
SawyerLenroot
1%
AdamsLeola
1%
ShawanoLessor
1%
ClarkLevis
1%
SaukLime Ridge
1%
JuneauLindina
1%
GrantLittle Grant
1%
ClarkLongwood
1%
Eau ClaireLudington
1%
WashburnMadge
1%
TaylorMaplehurst
1%
BarronMaple Plain
1%
PierceMartell
1%
BuffaloMaxville
1%
SawyerMeadowbrook
1%
BurnettMeenon
1%
ClarkMentor
1%
JacksonMerrillan
1%
SawyerMeteor
1%
IowaMifflin
1%
JacksonMillston
1%
PolkMilltown
1%
GrantMillville
1%
BuffaloModena
1%
TaylorMolitor
1%
RuskMurry
1%
BayfieldNamakagon
1%
MonroeNew Lyme
1%
MarathonNorrie
1%
GrantNorth Lancaster
1%
Dunn | Eau ClaireOtter Creek
1%
LangladePeck
1%
AshlandPeeksville
1%
TaylorPershing
1%
OneidaPiehl
1%
BayfieldPilsen
1%
DanePleasant Springs
1%
ForestPopple River
1%
BarronPrairie Farm
1%
BarronPrairie Lake
1%
DunnRed Cedar
1%
MarathonReid
1%
WoodRemington
1%
ClarkReseburg
1%
DunnRidgeland
1%
MarathonRietbrock
1%
PierceRock Elm
1%
SaukRock Springs
1%
LangladeRolling
1%
SawyerRound Lake
1%
ChippewaRuby
1%
St. CroixRush River
1%
ChippewaSampson
1%
Burnett | SawyerSand Lake
1%
WashburnSarona
1%
ClarkSeif
1%
JuneauSeven Mile Creek
1%
WoodSherry
1%
Chippewa | WoodSigel
1%
BarronSioux Creek
1%
LincolnSomo
1%
RuskSouth Fork
1%
GrantSouth Lancaster
1%
WashburnSpringbrook
1%
DunnSpring Brook
1%
BarronStanfold
1%
TaylorStetsonville
1%
WashburnStinnett
1%
RuskStrickland
1%
AdamsStrongs Prairie
1%
RuskStubbs
1%
SaukSumpter
1%
DunnTainter
1%
RuskThornapple
1%
DunnTiffany
1%
ChippewaTilden
1%
RuskTony
1%
BurnettTrade Lake
1%
PierceTrimbelle
1%
BayfieldTripp
1%
LangladeUpham
1%
BarronVance Creek
1%
MarinetteWagner
1%
ClarkWarner
1%
DouglasWascott
1%
GrantWatterstown
1%
BurnettWebb Lake
1%
SawyerWeirgor
1%
BurnettWest Marshland
1%
PolkWest Sweden
1%
LafayetteWhite Oak Springs
1%
VernonWhitestown
1%
MarathonWien
1%
RuskWillard
1%
GrantWingville
1%
ChippewaWoodmohr
1%
BurnettWood River
1%
ClarkWorden
1%

Score Distribution

Percentile by Number Answered

Percent of People with Each Score

Your Score History

You have not taken this quiz